| 000 | 00610nam a22001697a 4500 | ||
|---|---|---|---|
| 008 | 151126b xxu||||| |||| 00| 0 eng d | ||
| 020 | _a0226551342 | ||
| 050 | _aB2799.E8M849 1999 | ||
| 100 |
_aMunzel, Felicitas G. _921186 |
||
| 245 |
_aKant's conception of moral character _bthe "critical" link of morality, anthropology, and reflective judgment _c/ by Felicitas G. Munzel |
||
| 260 |
_aChicago _aLondon _bUniversity of Chicago Press _c1999 |
||
| 300 |
_axxii,377p.; _c23cm. |
||
| 650 |
_aKant, Immanuel _y1724-1804 _921187 |
||
| 650 |
_aEthics _921188 |
||
| 650 |
_aCharacter _92954 |
||
| 942 |
_2lcc _cMONOGRAPH |
||
| 999 |
_c123820 _d123820 |
||